000 03379cam a22004694i 4500
003 PE-LiUPU
005 20250731183359.0
008 170530s2017 sp r 000 0 spa d
020 _a849116684X
020 _a9788491166849
035 _a(Sirsi) a204163
040 _aPE-LiUPU
_bspa
_cPE-LiUPU
_erda
049 _aPRUA
082 0 4 _a791
_bC27
_220
100 1 _aCaparrós Lera, José María,
_eautor.
245 1 3 _aEl pasado como presente :
_b50 películas de género histórico /
_cJosé María Caparrós Lera.
246 3 _aEl pasado como presente :Cincuenta de género histórico.
264 1 _aBarcelona :
_bUOC,
_c2017.
300 _a192 páginas ;
_c24 centímetros.
336 _atext
_2rdacontent
337 _aunmediated
_2rdamedia
338 _avolume
_2rdacarrier
490 0 _aFilmografías esenciales.
504 _aBibliografía : páginas 185-189.
505 0 _aLa patriota (2000) -- La marsellesa (1937) -- La inglesa y el duque (2001) -- Napoleón (1927) -- El gatopardo (1963) -- Lo que el viento se llevó (1939) -- El nacimiento de una nación (1915) -- ¡Viva zapata! (1952) -- Senderos de gloria (1957) -- Capitán conan (1996) -- Octubre (1927) -- Metrópolis (1926) -- Y el mundo marcha (1928) -- Caballero sin espada (1939) -- Las uvas de la ira (1940) -- Por quien doblan las campanas (1943) -- Tierra y libertad (1995) -- El gran dictador (1940) -- El pianista (2002) -- Patton (1970) -- Salvar al soldado Ryan (1998) -- La delgada línea roja (1998) -- Roma, ciudad abierta (1945) -- La vida prometida (1999) -- Ladrón de bicicletas (1948) -- El tercer hombre (1949) -- ¿Vencedores o vencidos? / El juicio de Núremberg (1961) -- Los mejores años de nuestra vida (1946) -- Rebelde sin causa (1955) -- Surcos (1951) -- ¡Bienvenido, míster Marshall! (1952) -- Muerte de un ciclista (1955) -- Éxodo (1960) -- Gandhi (1982) -- La confesión (1970) -- La batalla de Argel (1966) -- ¡Vivir! (1994) -- Trce días (2000) -- JFK.Caso abierto (1991) -- Los santos inocentes (1984) -- Apocalypse now (1979) -- Cuando éramos soldados (2002) -- Domingo sangriento (2002) -- Capitanes de abril (2000) -- El hombre de hierro (1981) -- Las sandalias del pescador (1968) -- La mirada de Ulises (1995) -- Kandahar (2001) -- Lamerica (1994) -- Good bye, Lennin! (2003).
526 _aP158
526 _aP146
526 _aP17
526 _aP12
526 _aP06
541 _g001-00373;
541 _g001-003491;
650 0 4 _aCine histórico.
910 _ajck
_bncf
_cncf
_d20170530
942 _2ddc
_cBOOK
949 _a791 C27
_wDEWEY
_c1
_i76097
_lCCODEBUL1
_mBUL
_p43.50
_r0
_sY
_tBOOK
_u2017-05-30
_xIEDUCACION
_PP07
_0COMPRA
_o.STAFF. Colección Ciencias Humanas y Educación
994 _aC0
_bPEPRU
596 _a1
999 _a791 C27
_wDEWEY
_c20538
_i76097
_f2021-11-8
_g4
_lCCODEBUL1
_mBUL
_p43.50
_r0
_sY
_tBOOK
_u2017-5-30
_xEDUCACION
_PP07
_0COMPRA
_o.STAFF. Colección Ciencias Humanas y Educación
_d20538
999 _a791 C27
_wDEWEY
_c2
_i77887
_f2021-11-8
_g4
_lCCODEBUL1
_mBUL
_p44.45
_r0
_sY
_tBOOK
_u2018-1-11
_xEDUCACION
_PP07
_0COMPRA
999 _a791 C27
_wDEWEY
_c3
_i77888
_f2021-11-8
_g4
_lCCODEBUL1
_mBUL
_p44.45
_r0
_sY
_tBOOK
_u2018-1-11
_xEDUCACION
_PP07
_0COMPRA
980 _81
_gALBERTO SANCHEZ Responsable de Automatización